Istri mukti ka sapna (Record no. 439102)

000 -LEADER
fixed length control field 00374cam a22001337a 4500
008 - FIXED-LENGTH DATA ELEMENTS--GENERAL INFORMATION
fixed length control field 180718b2004 xxu||||| |||| 00| 0 eng d
082 ## - DEWEY DECIMAL CLASSIFICATION NUMBER
Classification number B142x54 K128
245 ## - TITLE STATEMENT
Title Istri mukti ka sapna
Statement of responsibility, etc. edited by Arvind Jain and Liladher Mandloi
260 ## - PUBLICATION, DISTRIBUTION, ETC.
Place of publication, distribution, etc. New Delhi
Name of publisher, distributor, etc. Vani Prakashan
Date of publication, distribution, etc. 2004
300 ## - PHYSICAL DESCRIPTION
Extent 544p.
650 ## - SUBJECT ADDED ENTRY--TOPICAL TERM
Topical term or geographic name entry element Istri
700 ## - ADDED ENTRY--PERSONAL NAME
Personal name Mandloi, Liladher
700 ## - ADDED ENTRY--PERSONAL NAME
Personal name Jain, Arvind
Holdings
Withdrawn status Lost status Damaged status Not for loan Permanent Location Current Location Date acquired Full call number Barcode Date last seen Price effective from Koha item type
        Indian Institute of Public Administration Indian Institute of Public Administration 2010-04-23 B142x54 K128 81849 2018-07-21 2018-07-21 Book

Powered by Koha